000 00400nam a2200157Ia 4500
003 GCL
008 140319s9999 xx 000 0 ara d
040 _aGCL /
_cGCL
082 0 4 _a811.9
_bز ع
100 1 _aزكى مبارك
245 1 0 _aالعشاق الثلاثة /
_cزكى مبارك
490 _aاقرأ
_v0
650 0 4 _aالشعر العربى
650 0 4 _aالشعر
942 _2ddc
_cBK
999 _c40158
_d40158